000 00443nam a2200181Ia 4500
001 16681
005 20260306170327.0
008 260306t2018||||xx |||||||||||||| ||und||
041 _aESP
082 _a349.1
_bM42
100 _aMeneses Díaz, Álvaro
_eAUT
245 0 _aBases romanistas del derecho contemporáneo
260 _c2018
300 _a303 páginas :
_c24 cm.
650 _aGEN
654 _aCDE
942 _cLIB
_dJUS
_fJUS
_2ddc
_n
999 _c16681
_d16681